00872cam a22002654a 450000100090000000300120000900500170002100800410003801000170007902000330009604000270012904200080015605000250016408200160018910000220020524500890022726000420031630000330035844000450039150000230043650400660045965000190052565000270054470000350057113283981NUST - PNEC20170116181048.0030722s2004 maua b 001 0 eng  a 2003059349 a026219502X (hc : alk. paper) aDLCcLIBRARYdDLCdDLC apcc00aTJ211.415b.S54 200400a629.892 SIE1 aSiegwart, Roland.10aIntroduction to autonomous mobile robots /cRoland Siegwart and Illah R. Nourbakhsh. aCambridge, Mass. :bMIT Press,c2004. aix, 321 p. :bill. ;c24 cm. 0aIntelligent robots and autonomous agents a"A Bradford book." aIncludes bibliographical references (p. [305]-315) and index. 0aMobile robots. 0aAutonomous robots.xME1 aNourbakhsh, Illah Reza,d1970-